Online Public Access Catalogue

Pathologic basis of disease / (Record no. 11340)

MARC details
000 -LEADER
fixed length control field 00429nam a22001577a 4500
020 ## - INTERNATIONAL STANDARD BOOK NUMBER
International Standard Book Number 4833700352
082 ## - DEWEY DECIMAL CLASSIFICATION NUMBER
Classification number 616.07
Author Mark ROB
100 ## - MAIN ENTRY--PERSONAL NAME
Author Name ROBBINS, STANLEY L,
245 ## - TITLE STATEMENT
Title Pathologic basis of disease /
Subtitle by ROBBINS, STANLEY L,
250 ## - EDITION STATEMENT
Edition statement 2nd ed
260 ## - PUBLICATION, DISTRIBUTION, ETC.
Place of publication, distribution, etc. london
Date of publication, distribution, etc. 1981
300 ## - PHYSICAL DESCRIPTION
No of Pages 1598
illustrations ill
Dimensions 25cm
504 ## - BIBLIOGRAPHY, ETC. NOTE
Bibliography, Index, etc. note Include: index
650 ## - SUBJECT ADDED ENTRY--TOPICAL TERM
Subject Pathology
Keywords cell injury and cell death, genetic disorders
942 ## - ADDED ENTRY ELEMENTS (KOHA)
Source of classification or shelving scheme
Koha item type Books
952 ## - LOCATION AND ITEM INFORMATION (KOHA)
-- 2019-08-27
Holdings
Item status Home library Current library Shelving location Date acquired Total Checkouts Full call number Barcode Date last seen Koha item type
  Islamabad Medical and Dental College Islamabad Medical and Dental College Islamabad Medical and Dental College 27/08/2019   616.07 ROB 6663 27/08/2019 Books

Copyright @ IMDC Library
Islamabad Medical and Dental College
Bhara Kahu, Islamabad

  Contact the Librarian, IMDC
  Email:: library@imdcollege.edu.pk

  OPAC Customized by
  Mazhar Hussain,
  Librarian:
  Islamabad Medical and Dental College
  Email:: library@imdcollege.edu.pk